عرض عادي عرض مارك

مدخل Personal Name

عدد التسجيلات المستخدمة في: 1

001 - CONTROL NUMBER

  • control field: 10686

003 - CONTROL NUMBER IDENTIFIER

  • control field: DLC

005 - DATE AND TIME OF LATEST TRANSACTION

  • control field: 20260407140827.0

008 - FIXED-LENGTH DATA ELEMENTS

  • fixed length control field: 950815n| azannaabn b aaa c

010 ## - LIBRARY OF CONGRESS CONTROL NUMBER

  • LC control number: nr 95029948

035 ## - SYSTEM CONTROL NUMBER

  • System control number: (OCoLC)oca03901973

040 ## - CATALOGING SOURCE

  • Original cataloging agency: CtY
  • Language of cataloging: eng
  • Description conventions: rda
  • Transcribing agency: CtY
  • Modifying agency: DLC
  • Modifying agency: OCoLC
  • Modifying agency: DLC

046 ## - SPECIAL CODED DATES

  • Birth date: 1319

100 0# - HEADING--PERSONAL NAME

  • Personal name: بهاء الدين السبكى،
  • Dates associated with a name: 1319-

400 0# - SEE FROM TRACING--PERSONAL NAME

  • Personal name: Abū Ḥāmid Aḥmad ibn ʻAlī ibn ʻAbd al-Kāfī al-Subkī,
  • Dates associated with a name: 1319-

400 0# - SEE FROM TRACING--PERSONAL NAME

  • Personal name: Aḥmad ibn ʻAlī ibn ʻAbd al-Kāfī al-Subkī,
  • Dates associated with a name: 1319-

400 0# - SEE FROM TRACING--PERSONAL NAME

  • Control subfield: nnea
  • Personal name: Bahāʼ al-Dīn al-Subkī,
  • Dates associated with a name: b. 1319

400 1# - SEE FROM TRACING--PERSONAL NAME

  • Personal name: Subkī, Aḥmad ibn ʻAlī ibn ʻAbd al-Kāfī,
  • Dates associated with a name: 1319-

400 1# - SEE FROM TRACING--PERSONAL NAME

  • Personal name: Subkī, Bahāʼ al-Dīn,
  • Dates associated with a name: 1319-

400 0# - SEE FROM TRACING--PERSONAL NAME

  • Personal name: بهاء الدين السبكي

500 ## - SEE ALSO FROM TRACING--PERSONAL NAME

  • Personal name: Bahāʼ al-Dīn al-Subkī,
  • Dates associated with a name: 1319-

670 ## - SOURCE DATA FOUND

  • Source citation: Ziriklī:
  • Information found: 1:176 (al-Subkī; Aḥmad ibn ʻAlī ibn ʻAbd al-Kāfī, Abū Ḥāmid, Bahāʼ al-Dīn al-Subkī; b. 719/1319; d. 763/1362)

670 ## - SOURCE DATA FOUND

  • Source citation: Brockelmann:
  • Information found: 2:12-13 (A. B. ʻA. b. ʻAbdalkāfī b. ʻA. b. Tammām b. Tammām Bahāʼaddīn a. Ḥāmid as-Subkī al-Miṣrī aš-Šāfiʻī; b. 20 Jum. II, 719/9.8.1319; d. 27 Rajab 773/4.2.1372)

670 ## - SOURCE DATA FOUND

  • Source citation: Taftazānī, Masʻūd ibn ʻUmar, 1322-1389? Shurūḥ al-Talkhīṣ, [1990?]:
  • Information found: t.p. (Bahāʼ al-Dīn al-Subkī)

905 ## - cataloger

  • cataloger: Auth_BKS
Cairo University Libraries Portal Implemented & Customized by: Eng. M. Mohamady Contacts: new-lib@cl.cu.edu.eg | cnul@cl.cu.edu.eg
CUCL logo CNUL logo
© All rights reserved — Cairo University Libraries
CUCL logo
Implemented & Customized by: Eng. M. Mohamady Contact: new-lib@cl.cu.edu.eg © All rights reserved — New Central Library
CNUL logo
Implemented & Customized by: Eng. M. Mohamady Contact: cnul@cl.cu.edu.eg © All rights reserved — Cairo National University Library